Best players from each FIFA (EA FC) edition - Statistiken

Allgemein
  • Dieses Quiz wurde 111 mal gespielt
    20 seit der letzten Aktualisierung
  • Das Durchschnittsergebnis liegt bei 24 aus 30
Antwortstatistiken
Edition Bewertung Player % Korrekt
FIFA 17 94 Cristiano Ronaldo
100%
FIFA 18 94 Cristiano Ronaldo
100%
FIFA 09 91 Cristiano Ronaldo / Iker Casillas
100%
FIFA 08 91 Gianluigi Buffon / Thierry Henry / Cristiano Ronaldo / Ronaldinho / Alessandro Nesta
100%
FIFA 10 90 Iker Casillas / Lionel Messi
100%
EA FC 24 91 Kevin De Bruyne / Kylian Mbappé / Erling Haaland
100%
EA FC 25 91 Kilian Mbappé / Erling Haaland / Rodri
100%
FIFA 11 90 Lionel Messi
100%
FIFA 12 94 Lionel Messi
100%
FIFA 13 94 Lionel Messi
100%
FIFA 14 94 Lionel Messi
100%
FIFA 15 93 Lionel Messi
100%
FIFA 16 94 Lionel Messi
100%
FIFA 20 94 Lionel Messi
100%
FIFA 21 93 Lionel Messi
100%
FIFA 22 93 Lionel Messi
100%
FIFA 19 94 Lionel Messi / Cristiano Ronaldo
100%
FIFA 23 91 Lionel Messi / Karim Benzema / Robert Lewandowski / Kevin De Bruyne / Kylian Mbappé
100%
FIFA 98 97 Ronaldo
100%
FIFA 00 97 Ronaldo
100%
FIFA 04 98 Ronaldo
100%
FIFA 06 95 Iker Casillas / Ronaldinho / Gianluigi Buffon
88%
FIFA 07 93 Gianluigi Buffon / Wayne Rooney
59%
FIFA 05 97 Thierry Henry
47%
FIFA 01 96 Rivaldo
29%
FIFA 02 97 Luís Figo
24%
FIFA 99 95 Raúl
6%
FIFA 03 97 Matteo Brighi
0%
EA FC 26 91 Mohamed Salah / Kylian Mbappé
0%
FIFA 97 97 Paolo Rossi
0%
Keine übereinstimmenden Quizze gefunden
Verteilung der Resultate
Anzahl Personen mit jedem Resultat
Perzentil nach korrekt beantworteten Fragen
Ihre Resultats-Entwicklung
Sie haben dieses Quiz seit der letzten Aktualisierung nicht gespielt